| 000 | 00000nam##2200000za#4500 |
| 001 | 9.694089 |
| 003 | CaOODSP |
| 005 | 20240209132434 |
| 007 | cr ||||||||||| |
| 008 | 150407|2006||||xxc|||||o f|0| 0 eng|d |
| 040 | |aCaOODSP|beng |
| 043 | |an-cn--- |
| 086 | 1 |aAC5-13/2006E-PDF |
| 110 | 2 |aAtlantic Canada Opportunities Agency. |
| 245 | 10|a34th annual conference of the Atlantic Canada Economics Association (ACEA) : |h[electronic resource]|bDalhousie University, Halifax, NS, October 21-23, 2005, final report / |csubmitted by Conference Organizing Committee Dalhousie University. |
| 260 | |aMoncton - New Brunswick : |bAtlantic Canada Opportunities Agency |cFebruary 2006. |
| 300 | |a16p.|btables |
| 500 | |a"This policy research is sponsored by the Atlantic Canada Opportunity Agency (ACOA) under the Atlantic Policy Research Initiative, ..." |
| 590 | |a10-15-Supp|b2010-12-10 |
| 690 | 07|aAtlantic provinces|2gcpds |
| 690 | 07|aEconomy|2gcpds |
| 775 | 08|tTrente-quatrième congrès annuel de l'Association d'économique du Canada Atlantique (ACEA) : |w(CaOODSP)9.638270 |
| 856 | 40|ahttp://publications.gc.ca|qPDF|s65 KB|uhttps://publications.gc.ca/collections/collection_2010/apeca-acoa/AC5-13-2006-eng.pdf |